Southville International School and Colleges
Your cart is empty.
  • Cart
  • Lists
    Public lists Eva Luna New books Lux_list list_1
    Your lists Log in to create your own lists
  • Log in to your account
  • Your cookies
  • Search history
Southville International School and Colleges
  • Advanced search
  • Recent comments
  • Most popular
  • Libraries

Log in to your account

Log in with GOOGLE


If you do not have an external account, but do have a local account, you can still log in:

  1. Home
  2. MARC view: Grammar and idioms self-taught /
Normal view MARC view ISBD view

Grammar and idioms self-taught / (Record no. 291732)

[ view plain ]
MARC details
000 -LEADER
fixed length control field 00728nam a2200241Ia 4500
008 - FIXED-LENGTH DATA ELEMENTS--GENERAL INFORMATION
fixed length control field 160319s9999 xx 000 0 und d
020 ## - INTERNATIONAL STANDARD BOOK NUMBER
International Standard Book Number 971-08-1246-7
050 ## - LIBRARY OF CONGRESS CALL NUMBER
Classification number FIL PE 1130
050 ## - LIBRARY OF CONGRESS CALL NUMBER
Item number .F5D44 1973
100 ## - MAIN ENTRY--PERSONAL NAME
Personal name De Guzman, Maria Odulio.
245 ## - TITLE STATEMENT
Title Grammar and idioms self-taught /
245 ## - TITLE STATEMENT
Statement of responsibility, etc Maria Odulio De Guzman.
260 ## - PUBLICATION, DISTRIBUTION, ETC. (IMPRINT)
Place of publication, distribution, etc Mandaluyong:
260 ## - PUBLICATION, DISTRIBUTION, ETC. (IMPRINT)
Name of publisher, distributor, etc National Book Store,
260 ## - PUBLICATION, DISTRIBUTION, ETC. (IMPRINT)
Date of publication, distribution, etc 1973
300 ## - PHYSICAL DESCRIPTION
Extent 347 pages :
300 ## - PHYSICAL DESCRIPTION
Other physical details illustrations ;
300 ## - PHYSICAL DESCRIPTION
Dimensions 18 cm.
500 ## - GENERAL NOTE
General note Includes bibliographical references and index.
650 ## - SUBJECT ADDED ENTRY--TOPICAL TERM
Topical term or geographic name as entry element English language -- Grammar.
650 ## - SUBJECT ADDED ENTRY--TOPICAL TERM
Topical term or geographic name as entry element English language -- Study and teaching.
650 ## - SUBJECT ADDED ENTRY--TOPICAL TERM
General subdivision English languange -- Idioms, corrections, errors.
Holdings
Withdrawn status Lost status Damaged status Home library Current library Shelving location Date acquired Cost, normal purchase price Total Checkouts Full call number Barcode Date last seen Price effective from Koha item type
      South Mansfield College South Mansfield College Filipiniana Section 05/07/2005 165.00   FIL PE 1130.F5 .D44 1973 SMC01740 03/19/2016 03/19/2016  

Grammar and idioms self-taught /

APA

De Guzman M. O., .Grammar and idioms self-taught. Mandaluyong: .

Chicago

De Guzman Maria Odulio, .Grammar and idioms self-taught. Mandaluyong: .

Harvard

De Guzman M. O., .Grammar and idioms self-taught. Mandaluyong: .

MLA

De Guzman Maria Odulio, .Mandaluyong: . .

  • Place hold
  • Print
  • Cite
  • Add to your cart (remove)
  • Save record
    BIBTEX Dublin Core MARCXML MARC (non-Unicode/MARC-8) MARC (Unicode/UTF-8) MARC (Unicode/UTF-8, Standard) MODS (XML) RIS
  • More searches
    Search for this title in:
    Other Libraries (WorldCat) Other Databases (Google Scholar) Online Stores (Bookfinder.com) Open Library (openlibrary.org)

Exporting to Dublin Core...

SOUTHVILLE LIBRARY

Southville International School and Colleges Library

1281 Tropical Ave. Cor. Luxembourg St., BF Homes International, Las Pinas City

Tel. No. 8256374 / 252358 Loc. 117/146

Powered by Koha